00350nam a22001337a 4500999001700000008004100017050002300058100001400081245002600095300001900121500001800140650002400158942003400182 c30492d30492190716b xxu||||| |||| 00| 0 eng d aG76.5 .A33 M5 1984 aW.J MINUS aA geography of Africa a193pgs,c24cm. ainclude Index 2geography of africa 2lcccBOOKShG76.5 .A33 M51984